| 000 | 00354nam a2200145Ia 4500 | ||
|---|---|---|---|
| 008 | 230917s9999||||xx |||||||||||||| ||und|| | ||
| 040 |
_e210192 _aMAIN |
||
| 041 | _aEnglish | ||
| 082 | _a822.08 S23P | ||
| 100 | _aSharma, Ekta | ||
| 245 | 0 | _aPlays of Mahesh Dattani: A study of human relationship | |
| 260 | _c2012 | ||
| 300 | _a177 p. | ||
| 942 | _cTH | ||
| 999 |
_c125954 _d125954 |
||